LEADER 01244nam0-2200385li-450 001 990000252670203316 005 20170912161056.0 010 $a0-471-17864-0 035 $a0025267 035 $aUSA010025267 035 $a(ALEPH)000025267USA01 035 $a0025267 100 $a2001998091997-------y0itay0103----ba 101 0 $aeng 102 $aUS 200 1 $aFractional graph theory$ea rational approach to the theory of graphs$fEdward R. Scheinerman, Daniel H. Ullman 210 $dNew York, John Wiley, copyr. 1997 215 $aXVII, 211 p.$cill.$d23 cm 610 1 $ateoria dei grafi 676 $a5115$9Teoria e costruzione dei grafi 700 1$aScheinerman,$bEdward R.$0262200 702 1$aUllman,$bDaniel H. 801 $aSistema bibliotecario di Ateneo dell' Università di Salerno$gRICA 912 $a990000252670203316 951 $a511.5 SCH (A)$b21244/CBS$c511.5 951 $a511.5 SCH (B)$b22273/CBS$c511.5$d00218872 959 $aBK 969 $aSCI 979 $c19980917 979 $c20001110$lUSA01$h1715 979 $c20020403$lUSA01$h1633 979 $aPATRY$b90$c20040406$lUSA01$h1618 979 $aRSIAV6$b90$c20090429$lUSA01$h1141 996 $aFractional graph theory$91476152 997 $aUNISA LEADER 01159nam2 22002891i 450 001 UON00269473 005 20231205103749.414 010 $a22-510-0314-2 100 $a20051118d2003 |0itac50 ba 101 $agrc$aFRE 102 $aFR 105 $a|||| ||||| 200 1 $aLivre 7. / Strabon ; texte etabli et traduit par Raoul Baladie 205 $a2. tirage 210 $aParis$cLes belles lettres$d2003 215 $aVIII, 335 p. (65-181 doppie), [3] c. di tav. ripieg.$cill.$d20 cm 461 1$1001UON00128093$12001 $aGeographie$fStrabon$1205 $aParis : Les Belles Lettres$b2003$1210 $a9 v.$a20 cm$1215 $aTesto orig. a fronte$v4 620 $aFR$dParis$3UONL002984 700 0$aSTRABO$3UONV057357$0169725 702 1$aBALADIE'$bRaoul$3UONV058326 712 $aLes Belles Lettres$3UONV245913$4650 801 $aIT$bSOL$c20240220$gRICA 899 $aSIBA - SISTEMA BIBLIOTECARIO DI ATENEO$2UONSI 912 $aUON00269473 950 $aSIBA - SISTEMA BIBLIOTECARIO DI ATENEO$dSI T 1 BL GR STRAB 004 $eSI MC 29764 7 004 996 $aLivre 7$91181622 997 $aUNIOR